Deň otvorených dveí na hrade

Bibliographic Details
Format: Article
Language:Slovak
Hungarian
PhysicalDescription:Fotogr.
ISSN:1338-022
Subjects:

MARC

LEADER 00000nab a2200000 a 4500
001 vtls010650096
003 SK-MaSNL
005 20260305044748.0
008 150127c2014 xo qrzp 0 0slo
038 |a RVGKPD 
040 |a RVGKPD  |b slo  |c RVGKPD  |e AACR2 
041 0 |a slo  |a hun 
044 |a xo  |c SK 
080 |a 728.81  |2 2008 
245 0 0 |a Deň otvorených dveí na hrade  |c [autor] (red.) 
246 3 |a Nyitott nap a várban 
300 |b Fotogr. 
610 2 7 |a Krásna Hôrka (Krásnohorské Podhradie, Slovensko : hrad)  |2 rvgkpd  |9 31335 
611 2 7 |a Deň otvorených dverí  |d (2014 :  |c Krásna Hôrka (Krásnohorské Podhradie, Slovensko : hrad)  |2 rvgkpd  |9 1628271 
651 7 |a Krásnohorské Podhradie (Slovensko)  |2 rvgkpd  |9 26876 
651 7 |a Rožňava (Slovensko : okres)  |2 rvgkpd  |9 19215 
773 0 |t Život pod hradom  |g Roč. IX, č. 3 (2014), s. 5  |x 1338-022 
773 0 |t Váraljai hírmondó  |g Évf. IX, sz. 3 (2014), o. 5  |x 1338-022 
852 |a RVGKPD  |b KIS3G 
992 |a RBX 
999 |c 3360455  |d 3362385